Online
Catalog

Introducción a los géneros literarios : (Record no. 8352)

MARC details
000 -CABECERA
campo de control de longitud fija 00629nam a2200181 a 4500
001 - NÚMERO DE CONTROL
campo de control 000008582
005 - FECHA Y HORA DE LA ÚLTIMA TRANSACCIÓN
campo de control 20200929161352.0
008 - DATOS DE LONGITUD FIJA--INFORMACIÓN GENERAL
campo de control de longitud fija 090917s1991 pr 001 0 spa d
040 ## - FUENTE DE LA CATALOGACIÓN
Centro catalogador/agencia de origen DO-SdBNP
082 ## - NÚMERO DE LA CLASIFICACIÓN DECIMAL DEWEY
Número de clasificación xxx
Número de documento/Ítem B982i
049 ## - FONDOS LOCALES (OCLC)
Fondos de biblioteca BNPD
100 1# - ENTRADA PRINCIPAL--NOMBRE DE PERSONA
Nombre de persona Bustamante, Carolina
9 (RLIN) 22996
245 10 - MENCIÓN DE TÍTULO
Título Introducción a los géneros literarios :
Resto del título teoría y técnica literaria /
Mención de responsabilidad, etc. Carolina Bustamante, Gladis Sigarreta de Santana.
250 ## - MENCIÓN DE EDICIÓN
Mención de edición 3a ed. corregida y aumentada
260 ## - PUBLICACIÓN, DISTRIBUCIÓN, ETC.
Lugar de publicación, distribución, etc. San Juan; Puerto Rico :
Nombre del editor, distribuidor, etc. Cultural Panamericana,
Fecha de publicación, distribución, etc. 1991.
300 ## - DESCRIPCIÓN FÍSICA
Extensión 253 p. ;
Dimensiones 23 cm.
504 ## - NOTA DE BIBLIOGRAFÍA, ETC.
Nota de bibliografía, etc. Incluye referencias bibliográficas [p. 249-253]
Holdings
Estado de retiro Estado de pérdida Restricciones de uso No para préstamo Código de colección Localización permanente Ubicación/localización actual Ubicación en estantería Fecha de adquisición Número de inventario Total de préstamos Signatura topográfica completa Código de barras Fecha visto por última vez Precio válido a partir de Tipo de ítem Koha
      Excluido de préstamo Monografías: Libros y Folletos Patrimonio Dominicano Patrimonio Dominicano En catalogación 17.09.2009 LF1   xxx B982i 8582-10 25.06.2020 25.06.2020 No se presta

Powered by Koha